Days of old (Record no. 80016)
[ view plain ]
| 000 -LEADER | |
|---|---|
| fixed length control field | 01079cab a22002055a 4500 |
| 001 - CONTROL NUMBER | |
| control field | L143012 |
| 008 - FIXED-LENGTH DATA ELEMENTS--GENERAL INFORMATION | |
| fixed length control field | 080401e20080328xxk f 000 0 eng d |
| 035 ## - SYSTEM CONTROL NUMBER | |
| System control number | (Sirsi) u143012 |
| 041 0# - LANGUAGE CODE | |
| Language code of text/sound track or separate title | eng |
| 100 1# - MAIN ENTRY--PERSONAL NAME | |
| Personal name | Neale, Jon |
| 245 00 - TITLE STATEMENT | |
| Title | Days of old |
| 260 ## - PUBLICATION, DISTRIBUTION, ETC. | |
| Date of publication, distribution, etc. | 2008 |
| 490 #0 - SERIES STATEMENT | |
| Series statement | Building |
| Volume/sequential designation | 273(8522) 28 March 2008, 54-57(4) |
| 520 ## - SUMMARY, ETC. | |
| Summary, etc. | Discusses building industry response to the Lifetime Homes standard. Lifetime Homes aims to deliver suitable houses for disabled and elderly people and is likely to become mandatory in England from 2013. Many believe the standard is another burden on the industry, involving another layer of cost (estimated costs for implementing the standard range from £545 to £1 615 a dwelling) and being difficult to achieve on certain types of site and housing design. In addition, some of the criteria are at odds with existing planning guidance. Includes key points from the Lifetime Homes standard. |
| 590 ## - LOCAL NOTE (RLIN) | |
| Local note | KA |
| 650 24 - SUBJECT ADDED ENTRY--TOPICAL TERM | |
| Topical term or geographic name entry element | LIFETIME HOMES |
| 651 #4 - SUBJECT ADDED ENTRY--GEOGRAPHIC NAME | |
| Geographic name | England |
| Chronological subdivision | 886- |
| 690 ## - LOCAL SUBJECT ADDED ENTRY--TOPICAL TERM (OCLC, RLIN) | |
| Topical term or geographic name as entry element | BUILT ENVIRONMENT-BUILDING STANDARDS |
| 942 ## - ADDED ENTRY ELEMENTS (KOHA) | |
| Suppress in OPAC | 0 |
| Withdrawn status | Lost status | Source of classification or shelving scheme | Damaged status | Not for loan | Home library | Current library | Shelving location | Date acquired | Total Checkouts | Full call number | Barcode | Date last seen | Copy number | Price effective from | Koha item type |
|---|---|---|---|---|---|---|---|---|---|---|---|---|---|---|---|
| Dewey Decimal Classification | London | London | Journal article | 01/04/2008 | L143012 | 143012-1001 | 06/08/2019 | 1 | 06/08/2019 | Journal article |